000 01262nam a2200313 i 4500
003 EG-ScBUE
005 20240116094231.0
008 180527s2006 ua f 000 0bara d
017 _a2006 / 1814
020 _a9772417321
040 _aEG-ScBUE
_bara
_erda
_cEG-ScBUE
_dEG-ScBUE
043 _af-ua---
082 0 4 _a320.962
_bك ن ت
_222
245 0 0 _aكنت سفيرا لمصر :
_bخبرات وتجارب سبعين سفيرا = Reminiscences of Egyptian ambassadors.
_nالجزء الأول /
_cإشراف وتحرير معهد الدراسات الدبلوماسية المصري.
246 3 1 _aReminiscences of Egyptian ambassadors
250 _aالطبعة الأولى.
264 1 _aالقاهرة :
_bمكتبة الآداب،
_c2006.
300 _a656 صفحة ؛
_c24 سم
336 _2rdacontent
_aنص
_btxt
337 _aبدون وسيط
_2rdamedia
_bn
338 _aمجلد
_bnc
_2rdacarrier
541 _aالسفير علي الحفني ؛
_cإهداء ؛
650 7 _aالسياسيون المصريون
_zمصر
_vتراجم.
_2BUEsh
651 _2BUEsh
653 _bBUSBOL
_bGGEN
_cMay2018
655 _vReading book
710 2 _aمعهد الدراسات الدبلوماسية المصري،
_eمشرف.
942 _2ddc
999 _c26770
_d26742